00330nam a2200121Ia 4500008004100000100002900041245005200070260004500122300000700167650001000174942000700184999001700191190216s9999||||xx |||||||||||||| ||und|| aDevarshi Kalanath Sastri 0aHindi - Vaidik Vanmay Mein Bharatiya Sanskrithi b"Dulichand Dileep Kumar, Bekaneer"c2003 a71 aHindi cBK c16118d16118